000 00952nam a2200301 i 4500
001 000013173
003 DO-SdBNP
005 20250217082520.0
007 ta
008 091120s1978 dr 000 j spa d
040 _aDO-SdBNP
_bspa
_cBNPHU
_erda
041 _aspa
082 4 _aRD863.44
_bV145s
_222
100 1 _aValdez, Diógenes,
_d1941-2014
_eautor
_4aut.
_914890
245 1 3 _aEl silencio del caracol /
_cDiógenes Valdez.
264 1 _aSanto Domingo :
_bEditora Taller,
_c1978.
300 _a160 páginas ;
_c20 cm.
336 _atexto
_btxt
_2rdacontent
337 _asin mediación
_bn
_2rdamedia
338 _avolumen
_bnc
_2rdacarrier
490 0 _aBiblioteca taller ;
_v105
500 _aIncluye datos biográficos del autor en las página 5 y 6.
590 _aInventariado, 2020 /LP
650 4 _aCuentos dominicanos
_9176
650 4 _aLiteratura dominicana.
_967
910 _aValidado. Control de calidad EMS
942 _2ddc
_cLBS1
999 _c12812
_d12812